[Event "Pfalz op-A 11th"]
[Site "Neustadt an der Weinstrasse"]
[Date "2020.02.22"]
[Round "3"]
[White "Chernov, Vadim A"]
[Black "Stock, Andreas"]
[Result "1-0"]
[WhiteElo "2338"]
[BlackElo "2065"]
[PlyCount "75"]
[EventDate "2020.02.21"]
[EventType "swiss"]
[EventRounds "9"]
[EventCountry "GER"]
[SourceTitle "CBM 195 Extra"]
[Source "ChessBase"]
[SourceDate "2020.05.31"]
[SourceVersion "1"]
[SourceVersionDate "2020.05.31"]
[SourceQuality "1"]

1. e4 c5 2. Nf3 Nc6 3. Bb5 d6 4. 0-0 g6 5. c3 Bg7 6. d4 cxd4 7. cxd4 a6 8. Ba4 Bd7 9. Nc3 b5 10. Bb3 Na5 11. Bc2 Rc8 12. h3 Nc4 13. Re1 e6 14. b3 Nb6 15. Bb2 b4 16. Ne2 d5 17. a3 dxe4 18. Bxe4 a5 19. Nf4 Ne7 20. axb4 axb4 21. Qd2 0-0 22. Qxb4 Bc6 23. Bxc6 Rxc6 24. Ba3 Re8 25. Qb5 Rc8 26. Bc5 Nbd5 27. Nxd5 Nxd5 28. Ra7 Rb8 29. Qa4 Ra8 30. Ra1 Rxa7 31. Qxa7 Nf4 32. Qb7 Ne2+ 33. Kf1 Nc3 34. Ra7 Qf6 35. Ne5 Qf5 36. Qxf7+ Qxf7 37. Nxf7 Nb5 38. Rd7 1-0

[Event "Hoogeveen op 23rd"]
[Site "Hoogeveen"]
[Date "2019.10.21"]
[Round "4"]
[White "Stock, Andreas"]
[Black "Labruyere, Roger"]
[Result "1-0"]
[WhiteElo "2076"]
[BlackElo "1932"]
[PlyCount "73"]
[EventDate "2019.10.19"]
[EventType "swiss"]
[EventRounds "9"]
[EventCountry "NED"]
[SourceTitle "CBM 192 Extra"]
[Source "Chessbase"]
[SourceDate "2019.11.06"]
[SourceVersion "1"]
[SourceVersionDate "2019.11.06"]
[SourceQuality "1"]

1. c4 e5 2. Nc3 Nf6 3. Nf3 Nc6 4. e4 Bb4 5. d3 a5 6. Be2 0-0 7. 0-0 Re8 8. Ne1 Bc5 9. Nc2 h6 10. Be3 Nd4 11. Qd2 c6 12. Na4 Nxe2+ 13. Qxe2 Bxe3 14. Nxe3 d6 15. b3 Nh7 16. f4 Nf8 17. f5 Nd7 18. Rf3 Nf6 19. Nc3 b6 20. Rg3 Kh7 21. Rh3 Bb7 22. g4 Ng8 23. Rf1 f6 24. Rg3 Ne7 25. h4 d5 26. Ncd1 dxe4 27. dxe4 Qd4 28. Nf2 Rad8 29. g5 Rg8 30. Qh5 Rdf8 31. Rd1 Qc5 32. Neg4 fxg5 33. hxg5 Rh8 34. gxh6 g6 35. fxg6+ Nxg6 36. Rd7+ Ne7 37. Nf6+ 1-0

[Event "Hoogeveen op 23rd"]
[Site "Hoogeveen"]
[Date "2019.10.19"]
[Round "1"]
[White "Stock, Andreas"]
[Black "Vestby Ellingsen, Mads"]
[Result "0-1"]
[WhiteElo "2076"]
[BlackElo "2363"]
[PlyCount "54"]
[EventDate "2019.10.19"]
[EventType "swiss"]
[EventRounds "9"]
[EventCountry "NED"]
[SourceTitle "CBM 192 Extra"]
[Source "Chessbase"]
[SourceDate "2019.11.06"]
[SourceVersion "1"]
[SourceVersionDate "2019.11.06"]
[SourceQuality "1"]

1. c4 c5 2. Nc3 g6 3. g3 Bg7 4. Bg2 Nc6 5. e4 d6 6. Nge2 e6 7. 0-0 Nge7 8. d3 0-0 9. Be3 Nd4 10. Rb1 Nec6 11. a3 Rb8 12. b4 b6 13. bxc5 dxc5 14. Bf4 Rb7 15. Nxd4 Nxd4 16. Qd2 Rd7 17. e5 Nf3+ 18. Bxf3 Rxd3 19. Qc1 Rxf3 20. Ne4 Bb7 21. Nxc5 Ba8 22. Rd1 Qc8 23. Nd3 Qc6 24. Kf1 g5 25. Bxg5 Rf5 26. Ke1 Qe4+ 27. Qe3 Rxg5 0-1

[Event "Pardubice Czech op-B 30th"]
[Site "Pardubice"]
[Date "2019.07.26"]
[Round "8"]
[White "Golsta, Madara"]
[Black "Stock, Andreas"]
[Result "1-0"]
[WhiteElo "1956"]
[BlackElo "2067"]
[PlyCount "59"]
[EventDate "2019.07.19"]
[EventType "swiss"]
[EventRounds "9"]
[EventCountry "CZE"]
[SourceTitle "EXT 2020"]
[Source "ChessBase"]
[SourceDate "2019.10.17"]
[SourceVersion "1"]
[SourceVersionDate "2019.10.17"]
[SourceQuality "1"]

1. e4 c5 2. Nf3 Nc6 3. d4 cxd4 4. Nxd4 g6 5. Nc3 Bg7 6. Be3 Nf6 7. Bc4 0-0 8. Bb3 d6 9. f3 Bd7 10. h4 h5 11. Qd2 Na5 12. 0-0-0 Nxb3+ 13. axb3 Rb8 14. Bg5 b5 15. g4 b4 16. Nb1 hxg4 17. h5 Nxh5 18. fxg4 Bxg4 19. Rdg1 Qc8 20. Bh6 Bxd4 21. Qxd4 e5 22. Qxd6 Re8 23. Qd2 f5 24. Qg5 Kh7 25. Rxg4 fxg4 26. Rxh5 Qd7 27. Rh4 Qf7 28. Nd2 Rbd8 29. Bf8+ Kg8 30. Qh6 1-0

[Event "Plzen op 9th"]
[Site "Plzen"]
[Date "2017.11.21"]
[Round "3"]
[White "Chudinovskikh, Alexander M"]
[Black "Stock, Andreas"]
[Result "1-0"]
[WhiteElo "2219"]
[BlackElo "2051"]
[PlyCount "71"]
[EventDate "2017.11.19"]
[EventType "swiss"]
[EventRounds "7"]
[EventCountry "CZE"]
[SourceTitle "CBM 181 Extra"]
[Source "ChessBase"]
[SourceDate "2017.12.12"]
[SourceVersion "1"]
[SourceVersionDate "2017.12.12"]
[SourceQuality "1"]

1. e4 c5 2. Nf3 Nc6 3. Bb5 g6 4. 0-0 Bg7 5. c3 Nf6 6. Re1 0-0 7. h3 d6 8. d4 cxd4 9. cxd4 d5 10. e5 Ne4 11. Nc3 Nxc3 12. bxc3 Bd7 13. a4 Rc8 14. Ba3 a6 15. Bxc6 Rxc6 16. Qd2 Bc8 17. a5 Re8 18. Bc5 h6 19. Bb6 Qd7 20. Re3 h5 21. Re2 e6 22. g4 hxg4 23. hxg4 Qe7 24. g5 Bd7 25. Nh2 Rec8 26. Rc1 Kh7 27. Ng4 Rh8 28. Kg2 Kg8 29. Nf6+ Bxf6 30. gxf6 Qf8 31. Rh1 Rxh1 32. Kxh1 Rc4 33. f3 Ra4 34. Rh2 Ra1+ 35. Kg2 Bb5 36. Bc5 1-0

[Event "Pula op 31st"]
[Site "Pula"]
[Date "2017.09.15"]
[Round "8"]
[White "Stock, Andreas"]
[Black "Voscilla, Adriano"]
[Result "0-1"]
[WhiteElo "2033"]
[BlackElo "2196"]
[PlyCount "90"]
[EventDate "2017.09.09"]
[EventType "swiss"]
[EventRounds "9"]
[EventCountry "CRO"]
[SourceTitle "CBM 180 Extra"]
[Source "ChessBase"]
[SourceDate "2017.10.06"]
[SourceVersion "1"]
[SourceVersionDate "2017.10.06"]
[SourceQuality "1"]

1. c4 Nf6 2. Nc3 g6 3. e4 d6 4. g3 c5 5. Bg2 Nc6 6. Nge2 Bg7 7. 0-0 0-0 8. d3 Bd7 9. h3 Rb8 10. Rb1 a6 11. a3 b5 12. cxb5 axb5 13. b4 Nd4 14. bxc5 dxc5 15. Nxd4 cxd4 16. Nd5 Nxd5 17. exd5 Qc8 18. Bf4 Ra8 19. Rc1 Qa6 20. Re1 Qxa3 21. d6 Ra7 22. dxe7 Re8 23. Bc6 Bxc6 24. Rxc6 Raxe7 25. Rxe7 Qxe7 26. Qf3 Qb7 27. Re6 Qd7 28. Rxe8+ Qxe8 29. Qb7 h6 30. Bd6 Qe6 31. Qb8+ Kh7 32. h4 Qb3 33. Qb7 Qb1+ 34. Kg2 Qxd3 35. h5 Qf5 36. hxg6+ Kxg6 37. Bb4 h5 38. Qb6+ Kh7 39. Bd2 Bf6 40. Qd6 Kg7 41. Bb4 Qe4+ 42. Kg1 Kg6 43. Bd2 Qe6 44. Qf4 Qg4 45. Qh6+ Kf5 0-1

[Event "Pula op 30th"]
[Site "Pula"]
[Date "2016.09.17"]
[Round "9"]
[White "Stock, Andreas"]
[Black "Loncar, Robert"]
[Result "0-1"]
[WhiteElo "2046"]
[BlackElo "2389"]
[PlyCount "98"]
[EventDate "2016.09.10"]
[EventType "swiss"]
[EventRounds "9"]
[EventCountry "CRO"]
[SourceTitle "CBM 174 Extra"]
[Source "ChessBase"]
[SourceDate "2016.10.10"]
[SourceVersion "1"]
[SourceVersionDate "2016.10.10"]
[SourceQuality "1"]

1. c4 e5 2. Nc3 Nc6 3. Nf3 Nf6 4. e4 Bb4 5. d3 d6 6. Be2 Bg4 7. Be3 Bxf3 8. Bxf3 0-0 9. 0-0 Bc5 10. a3 a5 11. Nb5 Re8 12. Re1 Nd7 13. Bg4 Nf8 14. Rc1 Ne6 15. Bxe6 Rxe6 16. Qd2 Qd7 17. f3 a4 18. d4 exd4 19. Nxd4 Nxd4 20. Bxd4 Qc6 21. Red1 Re5 22. Bxc5 Rxc5 23. Qd3 Rb8 24. Qd4 h6 25. Rc3 Qb6 26. Rd2 Re8 27. g4 Qc6 28. Qf2 Rxc4 29. Rxc4 Qxc4 30. Rc2 Qb3 31. Rxc7 d5 32. Rc3 Qd1+ 33. Qf1 Qxf1+ 34. Kxf1 dxe4 35. Re3 Re6 36. fxe4 Rb6 37. Re2 f6 38. h4 Rb3 39. Kg2 Kf7 40. g5 hxg5 41. hxg5 fxg5 42. e5 Ke6 43. Kf1 Rf3+ 44. Kg2 Rf5 45. Re4 b5 46. Rb4 Rxe5 47. b3 Re2+ 48. Kf1 Rb2 49. Rxb5 Rxb3 0-1

[Event "Dresden ZMD op 23rd"]
[Site "Dresden"]
[Date "2014.08.18"]
[Round "4"]
[White "Stock, Andreas"]
[Black "Otikova, Elina"]
[Result "1-0"]
[WhiteElo "2085"]
[BlackElo "1928"]
[PlyCount "87"]
[EventDate "2014.08.15"]
[EventType "swiss"]
[EventRounds "9"]
[EventCountry "GER"]
[SourceTitle "CBM 161 Extra"]
[Source "ChessBase"]
[SourceDate "2014.08.29"]
[SourceVersion "1"]
[SourceVersionDate "2014.08.29"]
[SourceQuality "1"]

1. c4 e6 2. Nc3 d5 3. cxd5 exd5 4. d4 Nf6 5. Bg5 c6 6. Qc2 Be7 7. Nf3 h6 8. Bh4 0-0 9. e3 Nbd7 10. Bd3 Re8 11. 0-0 Ne4 12. Bxe7 Qxe7 13. Rab1 a5 14. a3 Nd6 15. Rfe1 Ne4 16. Rbd1 b5 17. Nd2 Nxd2 18. Rxd2 Bb7 19. Ne2 Nb6 20. Qc1 Nc4 21. Rc2 Nd6 22. Rc5 h5 23. Qc2 Qf6 24. Rc1 h4 25. h3 Qh6 26. Rf1 Re6 27. Kh2 Rae8 28. Ng1 Ne4 29. Bxe4 Rxe4 30. a4 g5 31. axb5 cxb5 32. Rc7 Ba6 33. Rc6 R4e6 34. Rxe6 Qxe6 35. Nf3 Rc8 36. Qd2 b4 37. Ra1 Qf5 38. Rxa5 Rc2 39. e4 Qc8 40. Qxg5+ Kf8 41. Qh6+ Ke7 42. Rxa6 Qc7+ 43. e5 Rxb2 44. Qf6+ 1-0

[Event "Dresden ZMD op 22nd"]
[Site "Dresden"]
[Date "2013.08.16"]
[Round "7"]
[White "Zwahr, Paul"]
[Black "Stock, Andreas"]
[Result "1-0"]
[WhiteElo "2363"]
[BlackElo "2107"]
[PlyCount "57"]
[EventDate "2013.08.10"]
[EventType "swiss"]
[EventRounds "9"]
[EventCountry "GER"]
[SourceTitle "CBM 155 Extra"]
[Source "ChessBase"]
[SourceDate "2013.08.26"]
[SourceVersion "1"]
[SourceVersionDate "2013.08.26"]
[SourceQuality "1"]

1. e4 c5 2. Nf3 Nc6 3. d4 cxd4 4. Nxd4 g6 5. Nc3 Bg7 6. Be3 Nf6 7. Bc4 0-0 8. Bb3 a5 9. 0-0 a4 10. Nxa4 Nxe4 11. c4 d6 12. Re1 Nf6 13. Nb5 Ra6 14. Qe2 Be6 15. Rad1 Nd7 16. c5 Bxb3 17. axb3 Qb8 18. cxd6 exd6 19. Rxd6 Nf6 20. Nc5 Ra8 21. Red1 Rd8 22. Rxd8+ Nxd8 23. Bg5 Nc6 24. Nd6 b6 25. Na4 Ne8 26. Nxf7 Kxf7 27. Qc4+ Kf8 28. Rd7 Ne5 29. Be7# 1-0

[Event "Dresden ZMD op 22nd"]
[Site "Dresden"]
[Date "2013.08.14"]
[Round "5"]
[White "Humburg, Philipp"]
[Black "Stock, Andreas"]
[Result "0-1"]
[WhiteElo "2054"]
[BlackElo "2107"]
[PlyCount "124"]
[EventDate "2013.08.10"]
[EventType "swiss"]
[EventRounds "9"]
[EventCountry "GER"]
[SourceTitle "CBM 155 Extra"]
[Source "ChessBase"]
[SourceDate "2013.08.26"]
[SourceVersion "1"]
[SourceVersionDate "2013.08.26"]
[SourceQuality "1"]

1. e4 c5 2. Nf3 Nc6 3. d4 cxd4 4. Nxd4 g6 5. Nc3 Bg7 6. Be3 Nf6 7. Bc4 0-0 8. 0-0 Nxe4 9. Nxe4 d5 10. Nxc6 bxc6 11. Bd3 dxe4 12. Bxe4 Qc7 13. Qf3 Rb8 14. Bf4 e5 15. Bc1 Ba6 16. Re1 Qa5 17. c3 c5 18. Bd5 c4 19. Qe4 Qc7 20. h4 Kh8 21. h5 f5 22. Qh4 Qd8 23. Bg5 Qxd5 24. hxg6 Qg8 25. Rad1 Rb6 26. Be7 Re8 27. Rd6 Rxd6 28. Bxd6 Re6 29. gxh7 Qxh7 30. Qd8+ Qg8 31. Qh4+ Rh6 32. Qe7 Qe6 33. Qd8+ Qg8 34. Qc7 Qc8 35. Qe7 Re6 36. Qh4+ Kg8 37. Bxe5 Rxe5 38. Rxe5 Bxe5 39. Qh5 Bg7 40. Qg6 Bb7 41. f3 Qc5+ 42. Kh1 Qe5 43. a4 Bd5 44. Qg5 Qf6 45. Qg3 Qh6+ 46. Kg1 Qe3+ 47. Kh1 Qc1+ 48. Kh2 Qxb2 49. Qd6 Qb7 50. Qd8+ Kf7 51. Qg5 Qd7 52. Qh5+ Kg8 53. Qg5 Qd6+ 54. Kg1 f4 55. a5 a6 56. Qg4 Be6 57. Qg5 Qd5 58. Qxf4 Qe5 59. Qd2 Qxa5 60. Qd6 Kf7 61. Qf4+ Bf6 62. g4 Qe5 0-1

[Event "Dresden ZMD op 22nd"]
[Site "Dresden"]
[Date "2013.08.11"]
[Round "2"]
[White "Stock, Andreas"]
[Black "Heinemann, Josefine"]
[Result "1/2-1/2"]
[WhiteElo "2107"]
[BlackElo "2003"]
[PlyCount "87"]
[EventDate "2013.08.10"]
[EventType "swiss"]
[EventRounds "9"]
[EventCountry "GER"]
[SourceTitle "CBM 155 Extra"]
[Source "ChessBase"]
[SourceDate "2013.08.26"]
[SourceVersion "1"]
[SourceVersionDate "2013.08.26"]
[SourceQuality "1"]

1. c4 Nf6 2. Nc3 d5 3. cxd5 Nxd5 4. g3 g6 5. Bg2 Nb6 6. Nf3 Bg7 7. 0-0 Nc6 8. d3 0-0 9. Be3 e5 10. Qc1 Nd4 11. Bh6 Nxf3+ 12. Bxf3 c6 13. Bxg7 Kxg7 14. b4 Qd4 15. b5 Bg4 16. Bxg4 Qxg4 17. bxc6 bxc6 18. f4 Nd5 19. Nxd5 cxd5 20. Qb2 Rfe8 21. Rae1 Qe6 22. Qd2 exf4 23. Rxf4 Qe3+ 24. Qxe3 Rxe3 25. Rd4 Re5 26. Kf2 Rae8 27. Rb4 R8e7 28. Rb2 h5 29. a4 h4 30. Rb4 hxg3+ 31. hxg3 Rh5 32. Kf3 Rh2 33. Rd4 Re5 34. e4 Ra2 35. Rxd5 Rxd5 36. exd5 Rxa4 37. Re7 Kf6 38. Rd7 Rd4 39. Ke3 Ra4 40. Rb7 Ke5 41. d6 Kxd6 42. Rxf7 Ke6 43. Rc7 Kf5 44. Kf3 1/2-1/2

[Event "Zweibruecken PSB-ch MTB 82nd"]
[Site "Zweibruecken"]
[Date "2013.03.29"]
[Round "7"]
[White "Helbig, Daniel"]
[Black "Stock, Andreas"]
[Result "1/2-1/2"]
[WhiteElo "2090"]
[BlackElo "2093"]
[PlyCount "79"]
[EventDate "2013.??.??"]
[EventType "tourn"]
[EventRounds "9"]
[EventCountry "GER"]
[SourceTitle "EXT 2014"]
[Source "ChessBase"]
[SourceDate "2013.11.20"]
[SourceVersion "1"]
[SourceVersionDate "2013.11.20"]
[SourceQuality "1"]

1. d4 Nf6 2. Nf3 c5 3. g3 cxd4 4. Nxd4 Nc6 5. Bg2 g6 6. 0-0 Bg7 7. c4 0-0 8. Nc3 Nxd4 9. Qxd4 d6 10. Qd2 Rb8 11. b3 Bd7 12. Bb2 a6 13. Rac1 b5 14. Nd5 Nxd5 15. Bxg7 Kxg7 16. Bxd5 Qb6 17. Rc3 e6 18. Bf3 bxc4 19. Rxc4 h6 20. Rfc1 d5 21. Qc3+ f6 22. Rc7 Rf7 23. h4 Rb7 24. Rxb7 Qxb7 25. h5 Be8 26. hxg6 Re7 27. Qc8 Kxg6 28. Qd8 Bf7 29. Kg2 Kg7 30. e3 Rd7 31. Qc8 Qxc8 32. Rxc8 Rd6 33. Kf1 e5 34. Ke1 f5 35. Be2 d4 36. exd4 exd4 37. Kd2 f4 38. g4 Bg6 39. Bd3 f3 40. b4 1/2-1/2

[Event "Zweibruecken PSB-ch MTB 82nd"]
[Site "Zweibruecken"]
[Date "2013.03.24"]
[Round "4"]
[White "Stock, Andreas"]
[Black "Yakovenko, Oleg"]
[Result "1/2-1/2"]
[WhiteElo "2093"]
[BlackElo "2111"]
[PlyCount "54"]
[EventDate "2013.??.??"]
[EventType "tourn"]
[EventRounds "9"]
[EventCountry "GER"]
[SourceTitle "EXT 2014"]
[Source "ChessBase"]
[SourceDate "2013.11.20"]
[SourceVersion "1"]
[SourceVersionDate "2013.11.20"]
[SourceQuality "1"]

1. c4 e6 2. Nf3 Nf6 3. Nc3 Bb4 4. g3 b6 5. Bg2 Bb7 6. 0-0 0-0 7. d3 d5 8. cxd5 exd5 9. a3 Be7 10. d4 Nbd7 11. Bf4 a6 12. Rc1 Rc8 13. Ne5 c5 14. Bh3 Ra8 15. Nxd7 Nxd7 16. dxc5 Nxc5 17. Bg2 d4 18. Bxb7 Nxb7 19. Ne4 Nc5 20. Nxc5 bxc5 21. Qd3 Qb6 22. Rc2 Rfe8 23. Rfc1 g6 24. h4 Bf8 25. Qf3 Qe6 26. Rd1 Rad8 27. b3 Rd7 1/2-1/2

[Event "Pfalz op 03rd"]
[Site "Neustadt an der Weinstrasse"]
[Date "2012.03.03"]
[Round "7"]
[White "Stock, Andreas"]
[Black "Mertens, Gottfried"]
[Result "1/2-1/2"]
[WhiteElo "2139"]
[BlackElo "1993"]
[PlyCount "46"]
[EventDate "2012.02.17"]
[EventType "swiss"]
[EventRounds "9"]
[EventCountry "GER"]
[SourceTitle "EXT 2013"]
[Source "ChessBase"]
[SourceDate "2012.11.22"]
[SourceVersion "1"]
[SourceVersionDate "2012.11.22"]
[SourceQuality "1"]

1. c4 f5 2. Nc3 Nf6 3. g3 e6 4. Bg2 Be7 5. Nf3 0-0 6. 0-0 d6 7. d4 a5 8. Re1 Nc6 9. b3 e5 10. d5 Nb4 11. Bb2 Qe8 12. a3 Na6 13. b4 Bd7 14. b5 Nc5 15. Na4 Nxa4 16. Qxa4 Ne4 17. Qc2 b6 18. Nd2 Nxd2 19. Qxd2 Qg6 20. e3 Bf6 21. a4 e4 22. Bd4 Bxd4 23. Qxd4 Rae8 1/2-1/2